JULSKÉ ALPY 1983

Bibliographic Details
Main Author: Paňák, Bystrík (Author)
Format: Article
Language:Slovak
Subjects:

MARC

LEADER 00000nab a2200000Ia 4500
001 vtls010712522
003 SK-MaSNL
005 20260304194337.0
008 250709|1984 xo |||||||||||||||||slo|
035 |a (urnnbn)urn:nbn:sk:snk:ar-a048cr 
035 |a (uuid)e5876e5b-8962-4b63-87ee-3b42d485eee2 
035 |a urn:nbn:sk:snk-ab3ffi 
040 |a SNKBUCL  |b slo  |c SNKBUCL  |e AACR2 
041 0 |a slo 
044 |a xo  |c SK 
080 |a a 4 miestne určenie  |2 2001 
080 |a 796.52  |2 2001 
100 1 |a Paňák, Bystrík  |4 aut  |9 1528649 
245 1 0 |a JULSKÉ ALPY 1983  |c Bystrík Paňák 
648 7 |a 17.8.-4.9.1983  |2 SNK  |9 1528650 
650 0 7 |a horolezectvo  |2 SNKPH  |9 1050 
651 7 |a Alpy (pohorie)  |2 SNKPH  |9 51997 
773 0 |t Iamesák : spravodaj Slovenského horolezeckého zväzu IAMES  |g Roč. 16, č. 1 (1984), s. 12-13 
850 |a Slovenská národná knižnica 
852 |a Slovenská národná knižnica 
958 |a article1 
958 |a OND 
999 |c 3073733  |d 3075663